LEADER 01188nam a2200277 4500 001 000000347221 003 CaOOAMICUS 005 20240308101755.0 008 210804s2021 it 000 u ita r 020 $a978-88-10-57205-4 040 $aSeMil$bita 100 1 $aSaraceno, Chiara,$d<1942- >.$0(OLS)http://semarc/name/4397 245 10$aComplessità /$cChiara Saraceno, Luciano Manicardi ; introduzione di Enrico Zaninotto. 264 1$aBologna :$bEDB,$c2021. 300 $a77 p. ;$c17 cm 490 1 $aCattedra del confronto 650 4$aComplessità - Filosofia.$0(OLS)http://semarc/subject/47943 700 1 $aManicardi, Luciano,$d<1957- >.$0(OLS)http://semarc/name/46369 700 1 $aZaninotto, Enrico,$d<1953- >.$0(OLS)http://semarc/name/114383 830 0$aCattedra del confronto .$0(OLS)http://semarc/title/447739 850 $aSeMil 852 $aSeMil$W1$xVenegono$y1$m2MA E 1$j246764$B248732$CSeMilBibl$Z2$F248732 $81 996 $6020$a978-88-10-57205-4$9(OLS)http://semarc/number/293769 996 $6245$aComplessità$9(OLS)http://semarc/title/436463 996 $6264$aBologna :$bEDB$9(OLS)http://semarc/publisher/29669 LEADER 00605naa a2200145 i 4500 001 000000303456 003 CaOOAMICUS 005 20180831172800.0 008 180831n xx u000 u und u 013 $a11236 040 $aSeMil$bita 100 1 $aGrech, Prosper,$c.$0(OLS)http://semarc/name/16378 245 13$aLa pratica del battesimo ai tempi di Gesù. 773 0 $tAlle origini del battesimo cristiano.$dRoma : Pontificio Ateneo S. Anselmo, 1991.$kStudia Anselmiana$kStudia anselmiana. Sacramentum$w()38331 996 $6245$aLa pratica del battesimo ai tempi di Gesù$9(OLS)http://semarc/title/379422